[Event "XII Sabadell Open 2019"]
[Site "Sabadell"]
[Date "2019.09.07"]
[Round "6.15"]
[White "Tortosa Moros, Joan"]
[Black "Fernandez Pintado, Xavier"]
[Result "1-0"]
[WhiteElo "1647"]
[BlackElo "1590"]
[Annotator "NA"]
[PlyCount "115"]
[EventDate "2019.09.01"]
[EventCountry "ESP"]
[SourceTitle "playchess.com"]
[Source "ChessBase"]
[SourceQuality "1"]
[TimeControl "5400+30"]

1. e4 {[%emt 0:01:40]} c5 {[%emt 0:00:08]} 2. Nf3 {[%emt 0:00:02]} d6 {[%emt 0:00:30]} 3. Bb5+ {[%emt 0:00:28]} Bd7 {[%emt 0:00:19]} 4. Bxd7+ {[%emt 0:00:07]} Nxd7 {[%emt 0:00:18]} 5. c4 {[%emt 0:00:51]} e5 {[%emt 0:00:10]} 6. Nc3 {[%emt 0:00:30]} Ngf6 {[%emt 0:01:12]} 7. O-O {[%emt 0:00:29]} Be7 {[%emt 0:00:08]} 8. d3 {[%emt 0:00:40]} O-O {[%emt 0:06:22]} 9. Bg5 {[%emt 0:00:33]} h6 {[%emt 0:05:41]} 10. Bxf6 {[%emt 0:00:21]} Nxf6 {[%emt 0:03:31]} 11. Nd2 {[%emt 0:00:06]} a6 {[%emt 0:00:25]} 12. f4 {[%emt 0:02:21]} Qd7 {[%emt 0:02:21]} 13. fxe5 {[%emt 0:04:14]} dxe5 {[%emt 0:00:41]} 14. Nf3 {[%emt 0:00:28]} Bd6 {[%emt 0:01:58]} 15. h3 {[%emt 0:00:15]} b5 {[%emt 0:00:18]} 16. Nd5 {[%emt 0:01:48]} Nxd5 {[%emt 0:06:24]} 17. exd5 {[%emt 0:00:16]} f5 {[%emt 0:00:32]} 18. Re1 {[%emt 0:04:14]} Rae8 {[%emt 0:02:34]} 19. Qc2 {[%emt 0:00:37]} Rf6 {[%emt 0:00:27]} 20. b3 {[%emt 0:01:02]} Qe7 {[%emt 0:06:16]} 21. Nd2 {[%emt 0:00:48]} e4 {[%emt 0:02:17]} 22. dxe4 {[%emt 0:10:36]} Qd7 {[%emt 0:02:27]} 23. exf5 {[%emt 0:02:50]} Rxe1+ {[%emt 0:00:19]} 24. Rxe1 {[%emt 0:03:50]} Rxf5 {[%emt 0:07:53]} 25. Re6 {[%emt 0:06:22]} Re5 {[%emt 0:02:15]} 26. Rxe5 {[%emt 0:01:38]} Bxe5 {[%emt 0:00:14]} 27. Nf3 {[%emt 0:01:42]} Qe7 {[%emt 0:02:58]} 28. Qf5 {[%emt 0:04:16]} Bf6 {[%emt 0:03:14]} 29. Qc8+ {[%emt 0:02:53]} Kh7 {[%emt 0:03:26]} 30. Qf5+ {[%emt 0:03:29]} Kg8 {[%emt 0:00:20]} 31. Qd3 {[%emt 0:03:22]} Qd6 {[%emt 0:02:09]} 32. Kh1 {[%emt 0:01:27]} b4 {[%emt 0:01:14]} 33. Nd2 {[%emt 0:03:00]} Bd4 {[%emt 0:01:56]} 34. Qf3 {[%emt 0:06:43]} Qf6 {[%emt 0:00:56]} 35. Qxf6 {[%emt 0:00:39]} gxf6 {[%emt 0:01:19]} 36. g4 {[%emt 0:00:24]} Kf7 {[%emt 0:00:09]} 37. Kg2 {[%emt 0:02:33]} Kg6 {[%emt 0:00:26]} 38. Ne4 {[%emt 0:05:18]} f5 {[%emt 0:00:16]} 39. gxf5+ {[%emt 0:00:39]} Kxf5 {[%emt 0:00:33]} 40. Kf3 {[%emt 0:00:18]} Ke5 {[%emt 0:01:49]} 41. Ng3 {[%emt 0:01:26]} Bb2 {[%emt 0:01:53]} 42. h4 {[%emt 0:01:18]} Bc1 {[%emt 0:00:16]} 43. Kg4 {[%emt 0:02:00]} Be3 {[%emt 0:02:22]} 44. h5 {[%emt 0:00:41]} Bg5 {[%emt 0:01:39]} 45. Kf3 {[%emt 0:02:14]} Be7 {[%emt 0:02:10]} 46. Ne4 {[%emt 0:00:41]} a5 {[%emt 0:01:33]} 47. Nf2 {[%emt 0:00:20]} Bg5 {[%emt 0:01:18]} 48. Ng4+ {[%emt 0:00:25]} Kd4 {[%emt 0:00:37]} 49. d6 {[%emt 0:00:47]} a4 {[%emt 0:01:10]} 50. d7 {[%emt 0:01:00]} axb3 {[%emt 0:00:16]} 51. axb3 {[%emt 0:00:21]} Kc3 {[%emt 0:00:37]} 52. Nxh6 {[%emt 0:02:30]} Kxb3 {[%emt 0:00:31]} 53. Nf7 {[%emt 0:00:05]} Bf6 {[%emt 0:01:23]} 54. h6 {[%emt 0:00:31]} Kc2 {[%emt 0:03:41]} 55. h7 {[%emt 0:00:20]} b3 {[%emt 0:00:14]} 56. h8=Q {[%emt 0:01:34]} Bxh8 {[%emt 0:00:14]} 57. d8=Q {[%emt 0:02:14]} b2 {[%emt 0:03:10]} 58. Qxh8 {[%emt 0:00:42]} 1-0

[Event "XII Sabadell Open 2019"]
[Site "Sabadell"]
[Date "2019.09.08"]
[Round "7.1"]
[White "Harikrishnan.A.Ra"]
[Black "Diaz Camallonga, Carles"]
[Result "0-1"]
[WhiteElo "2422"]
[BlackElo "2440"]
[Annotator "TA"]
[PlyCount "58"]
[EventDate "2019.09.01"]
[EventCountry "ESP"]
[SourceTitle "playchess.com"]
[Source "ChessBase"]
[SourceQuality "1"]

{[%evp 11,90,0,4,22,17,16,23,23,29,23,24,0,20,0,13,5,29,0,40,18,47,25,40,6,81,0,6,-33,-27,-72,-33,-207,-212,-333,-326,-316,-306,-281,-254,-348,-340,-385,-381,-374,-356,-407,0,-328,0,-393,-392,-381,-296,-381,-259,-253,-243,-257,-233,-236,-245,-239,-240,-492,-231,-529,-365,-552,-541,-847,-819,-847,-839,-824,-818,-1058,-987,-29981,-29982,-29993,-29992]} 1. e4 e6 2. d4 d5 3. e5 c5 4. c3 Nc6 5. Nf3 Bd7 6. a3 Nge7 7. Bd3 {C02: French: Advance Variation} (7. b4 cxd4 8. cxd4 Nf5 9. Bb2 b5 10. Nc3 a5 11. Bxb5 axb4 12. axb4 Bxb4 13. O-O O-O 14. Bxc6 Bxc6 15. Rxa8 Qxa8 16. Qb3 Be7 17. Ra1 {½-½ (47) Laznicka,V (2693)-Potkin,V (2642) Havana 2012}) 7... cxd4 8. cxd4 Nf5 9. Bxf5 {White has an edge.} exf5 10. Nc3 {[%cal Bb1c3,Bc3e2,Be2f4,Bf4h5,Bh5f6][%mdl 32]} Be6 $1 11. O-O Be7 12. b4 Rc8 13. Qd3 h6 $146 ({Predecessor:} 13... O-O 14. Be3 Qd7 15. Bg5 h6 16. Bxe7 Nxe7 {0-1 (49) Petrik,S (2223)-Tibensky,R (2431) Slovakia 2008}) 14. Ne2 Qd7 15. Nf4 Kf8 16. Bd2 a6 $1 17. Nh5 Na7 (17... g6 $11 18. Nf4 g5) 18. Ne1 (18. a4 $16) 18... Rc4 19. Qg3 g5 20. Nf6 Qd8 {aiming for ...f4.} 21. h4 $2 (21. f4 $1 $15 g4 22. Nh5) 21... f4 $19 22. Bxf4 (22. Qf3 {was worth a try.}) 22... gxf4 23. Qxf4 Bxf6 24. exf6 Qc7 25. Qe3 Nb5 {[%cal Ba7b5,Bb5d4,Bd4f5][%mdl 32]} 26. Nd3 Nxd4 27. Rac1 Nf5 28. Qd2 Nd4 {[#] White must now prevent ...Nf3+!} 29. Qe3 $1 Qd8 {Played: Nd4-f5} 0-1

[Event "XII Sabadell Open 2019"]
[Site "Sabadell"]
[Date "2019.09.08"]
[Round "7.2"]
[White "Oliva Castaneda, Kevel"]
[Black "Valderrama Quiceno, Esteban Alb"]
[Result "1/2-1/2"]
[WhiteElo "2470"]
[BlackElo "2407"]
[Annotator "ChessBase"]
[PlyCount "39"]
[EventDate "2019.09.01"]
[EventCountry "ESP"]
[SourceTitle "playchess.com"]
[Source "ChessBase"]
[SourceQuality "1"]
[TimeControl "5400+30"]

1. Nf3 {[%emt 0:02:22]} Nf6 {[%emt 0:05:27]} 2. c4 {[%emt 0:00:06]} d6 {[%emt 0:07:38]} 3. d4 {[%emt 0:00:28]} g6 {[%emt 0:00:23]} 4. Nc3 {[%emt 0:00:06]} c6 {[%emt 0:00:32]} 5. e4 {[%emt 0:00:11]} Bg7 {[%emt 0:01:31]} 6. Bd3 {[%emt 0:01:40]} O-O {[%emt 0:05:22]} 7. h3 {[%emt 0:00:25]} a6 {[%emt 0:00:25]} 8. Bg5 {[%emt 0:01:34]} b5 {[%emt 0:03:33]} 9. O-O {[%emt 0:03:34]} h6 {[%emt 0:06:43]} 10. Be3 {[%emt 0:01:57]} bxc4 {[%emt 0:02:55]} 11. Bxc4 {[%emt 0:00:15]} d5 {[%emt 0:00:09]} 12. Bd3 {[%emt 0:00:18]} dxe4 {[%emt 0:00:44]} 13. Nxe4 {[%emt 0:00:05]} Be6 {[%emt 0:01:55]} 14. Nxf6+ {[%emt 0:11:23]} exf6 {[%emt 0:00:25]} 15. Qc1 {[%emt 0:00:39]} Bd5 {[%emt 0:08:49]} 16. Ne1 {[%emt 0:01:11]} Kh7 {[%emt 0:01:23]} 17. Nc2 {[%emt 0:00:20]} a5 {[%emt 0:00:48]} 18. b4 {[%emt 0:02:41]} f5 {[%emt 0:05:09]} 19. Rd1 {[%emt 0:04:27]} Nd7 {[%emt 0:00:24]} 20. a4 {[%emt 0:02:12]} 1/2-1/2

[Event "XII Sabadell Open 2019"]
[Site "Sabadell"]
[Date "2019.09.08"]
[Round "7.3"]
[White "Avila Pavas, Santiago"]
[Black "Moskalenko, Viktor"]
[Result "1/2-1/2"]
[WhiteElo "2412"]
[BlackElo "2475"]
[Annotator "TA"]
[PlyCount "82"]
[EventDate "2019.09.01"]
[EventCountry "ESP"]
[SourceTitle "playchess.com"]
[Source "ChessBase"]
[SourceQuality "1"]

{[%evp 9,82,30,36,31,29,31,74,80,81,85,104,98,101,80,100,103,96,108,92,96,97,89,124,33,40,43,75,57,79,85,95,32,37,29,44,17,24,17,18,13,15,19,17,22,77,75,70,61,61,61,61,61,105,93,93,103,108,97,115,0,0,0,0,0,0,0,0,0,0,0,0,0,0,0,0]} 1. Nf3 d5 2. g3 c6 3. Bg2 f5 (3... Bf5 4. O-O e6 5. d3 Nf6 6. b3 h6 7. Bb2 Nbd7 8. Nbd2 Bh7 9. e4 Bb4 10. a3 Ba5 11. Qe2 O-O 12. b4 Bc7 13. e5 Ne8 14. c4 g5 15. Nb3 Ng7 16. h3 Qe7 {1-0 (56) Artemiev,V (2761)-Fedoseev,V (2680) Poikovsky 2019}) 4. O-O Nf6 5. b3 e6 6. d3 {A07: Réti Opening: New York and Capablanca Systems} Bd6 7. Bb2 Qe7 8. Nbd2 {White is better.} O-O 9. e4 {[#] Hoping for e5.} fxe4 10. dxe4 {Strongly threatening e5.} dxe4 $146 ({Predecessor:} 10... e5 11. Qe2 d4 12. Nc4 b5 13. Nxd6 Qxd6 14. c3 c5 15. Rfd1 Re8 16. Qxb5 {1-0 (59) Breitzmann,S (1845)-Lohr,M (1940) Magdeburg 2018}) 11. Ng5 e3 12. fxe3 Nbd7 13. Nde4 Be5 14. Bxe5 Nxe5 15. Qd4 Ng6 16. Nxf6+ (16. Rad1 $16) 16... gxf6 $14 17. Ne4 {[%cal Re4f6]} e5 18. Qd6 Qxd6 19. Nxd6 Rb8 20. e4 ({White should play} 20. Rf2 $16) 20... Be6 21. Rad1 Ne7 22. Rf2 Rbd8 23. Bf3 Rd7 24. Rfd2 Nc8 25. Nxc8 Rxd2 26. Rxd2 {[#] And now Ne7+ would win.} Rxc8 $11 {[%mdl 4096] Endgame KRB-KRB} (26... Bxc8 $11 27. Bh5 f5) 27. Rd6 $16 Re8 28. Bh5 Re7 29. Kf2 Kg7 30. Kf3 f5 31. c4 c5 32. Ke3 fxe4 33. Be2 Bf5 34. Bf1 ({Better is} 34. g4 $16 Bg6 35. g5) 34... Rd7 $11 {The position is equal.} 35. Rxd7+ Bxd7 36. Kxe4 {KB-KB} Kf6 37. Ke3 b6 38. Bd3 h6 39. Be4 Bg4 40. Bg2 Bf5 41. Be4 Bg4 {Accuracy: White = 57%, Black = 64%.} 1/2-1/2

[Event "XII Sabadell Open 2019"]
[Site "Sabadell"]
[Date "2019.09.08"]
[Round "7.4"]
[White "Arenas, David"]
[Black "Umetsubo, Cesar Hidemitsu"]
[Result "1-0"]
[WhiteElo "2454"]
[BlackElo "2403"]
[Annotator "ChessBase"]
[PlyCount "135"]
[EventDate "2019.09.01"]
[EventCountry "ESP"]
[SourceTitle "playchess.com"]
[Source "ChessBase"]
[SourceQuality "1"]
[TimeControl "5400+30"]

1. e4 {[%emt 0:00:00]} c5 {[%emt 0:01:54]} 2. Nf3 {[%emt 0:00:00]} e6 {[%emt 0:00:05]} 3. d4 {[%emt 0:00:00]} cxd4 {[%emt 0:00:04]} 4. Nxd4 {[%emt 0:00:00]} Nf6 {[%emt 0:00:06]} 5. Nc3 {[%emt 0:01:10]} d6 {[%emt 0:00:10]} 6. f4 {[%emt 0:00:10]} Nc6 {[%emt 0:02:33]} 7. Be3 {[%emt 0:01:14]} Be7 {[%emt 0:05:11]} 8. Qf3 {[%emt 0:00:57]} O-O {[%emt 0:03:40]} 9. Bd3 {[%emt 0:00:09]} Bd7 {[%emt 0:12:54]} 10. Nde2 {[%emt 0:06:25]} Nb4 {[%emt 0:10:23]} 11. O-O {[%emt 0:05:25]} e5 {[%emt 0:02:25]} 12. a3 {[%emt 0:03:48]} Nxd3 {[%emt 0:02:07]} 13. cxd3 {[%emt 0:00:08]} Bc6 {[%emt 0:01:28]} 14. d4 {[%emt 0:06:24]} Nxe4 {[%emt 0:08:26]} 15. Nxe4 {[%emt 0:01:51]} f5 {[%emt 0:00:03]} 16. d5 {[%emt 0:00:17]} fxe4 {[%emt 0:00:10]} 17. Qxe4 {[%emt 0:00:04]} Bb5 {[%emt 0:01:04]} 18. Rf2 {[%emt 0:04:24]} Bh4 {[%emt 0:11:33]} 19. g3 {[%emt 0:01:10]} Bxe2 {[%emt 0:05:13]} 20. Rxe2 {[%emt 0:00:45]} Bf6 {[%emt 0:00:16]} 21. Qb4 {[%emt 0:06:43]} Qd7 {[%emt 0:01:10]} 22. Rae1 {[%emt 0:00:16]} b6 {[%emt 0:03:36]} 23. fxe5 {[%emt 0:01:35]} Bxe5 {[%emt 0:00:14]} 24. Bd4 {[%emt 0:00:21]} Bxd4+ {[%emt 0:02:38]} 25. Qxd4 {[%emt 0:00:02]} Rf6 {[%emt 0:04:20]} 26. Re6 {[%emt 0:10:36]} Raf8 {[%emt 0:00:39]} 27. Kg2 {[%emt 0:00:45]} Qf7 {[%emt 0:05:03]} 28. Rxf6 {[%emt 0:00:24]} Qxf6 {[%emt 0:00:09]} 29. Qxf6 {[%emt 0:00:06]} Rxf6 {[%emt 0:00:03]} 30. Re7 {[%emt 0:01:29]} Rf7 {[%emt 0:02:04]} 31. Re8+ {[%emt 0:01:02]} Rf8 {[%emt 0:00:01]} 32. Re6 {[%emt 0:00:09]} Rf6 {[%emt 0:00:05]} 33. Rxf6 {[%emt 0:01:09]} gxf6 {[%emt 0:00:02]} 34. Kf3 {[%emt 0:00:05]} Kf7 {[%emt 0:02:24]} 35. Kf4 {[%emt 0:00:23]} Kg6 {[%emt 0:00:11]} 36. g4 {[%emt 0:00:11]} Kg7 {[%emt 0:05:08]} 37. Kf5 {[%emt 0:03:53]} Kf7 {[%emt 0:00:04]} 38. a4 {[%emt 0:00:55]} Ke7 {[%emt 0:01:04]} 39. b4 {[%emt 0:01:04]} a6 {[%emt 0:00:51]} 40. b5 {[%emt 0:00:52]} axb5 {[%emt 0:00:53]} 41. axb5 {[%emt 0:00:02]} Kf7 {[%emt 0:00:08]} 42. h3 {[%emt 0:01:11]} Ke7 {[%emt 0:00:08]} 43. h4 {[%emt 0:00:16]} Kf7 {[%emt 0:00:04]} 44. g5 {[%emt 0:00:43]} fxg5 {[%emt 0:00:06]} 45. hxg5 {[%emt 0:00:01]} Ke7 {[%emt 0:00:42]} 46. g6 {[%emt 0:00:30]} h6 {[%emt 0:00:22]} 47. g7 {[%emt 0:00:06]} Kf7 {[%emt 0:00:01]} 48. g8=Q+ {[%emt 0:00:07]} Kxg8 {[%emt 0:00:07]} 49. Ke6 {[%emt 0:00:08]} h5 {[%emt 0:00:59]} 50. Kxd6 {[%emt 0:00:05]} h4 {[%emt 0:00:04]} 51. Kc7 {[%emt 0:00:03]} h3 {[%emt 0:00:28]} 52. d6 {[%emt 0:00:06]} h2 {[%emt 0:00:05]} 53. d7 {[%emt 0:00:03]} h1=Q {[%emt 0:00:08]} 54. d8=Q+ {[%emt 0:00:07]} Kh7 {[%emt 0:00:59]} 55. Qd7+ {[%emt 0:00:22]} Kh8 {[%emt 0:00:13]} 56. Kxb6 {[%emt 0:00:13]} Qg1+ {[%emt 0:01:12]} 57. Kb7 {[%emt 0:00:51]} Qg2+ {[%emt 0:00:41]} 58. Qc6 {[%emt 0:00:44]} Qg7+ {[%emt 0:00:20]} 59. Qc7 {[%emt 0:00:14]} Qg2+ {[%emt 0:04:22]} 60. Kb8 {[%emt 0:00:09]} Qa2 {[%emt 0:00:53]} 61. b6 {[%emt 0:00:27]} Qa5 {[%emt 0:00:14]} 62. b7 {[%emt 0:01:15]} Qa4 {[%emt 0:00:27]} 63. Qd8+ {[%emt 0:01:45]} Kh7 {[%emt 0:00:04]} 64. Kc8 {[%emt 0:00:06]} Qa6 {[%emt 0:00:38]} 65. Qd5 {[%emt 0:00:37]} Kh8 {[%emt 0:00:26]} 66. Kc7 {[%emt 0:00:28]} Qa7 {[%emt 0:00:27]} 67. Qb5 {[%emt 0:00:13]} Kh7 {[%emt 0:01:03]} 68. Kc8 {[%emt 0:01:12]} 1-0

[Event "XII Sabadell Open 2019"]
[Site "Sabadell"]
[Date "2019.09.08"]
[Round "7.5"]
[White "Sanchez, Sebastian Felipe"]
[Black "Valdes Romero, Leonardo"]
[Result "1-0"]
[WhiteElo "2413"]
[BlackElo "2399"]
[Annotator "TA"]
[PlyCount "113"]
[EventDate "2019.09.01"]
[EventCountry "ESP"]
[SourceTitle "playchess.com"]
[Source "ChessBase"]
[SourceQuality "1"]

{[%evp 13,113,14,18,0,25,0,30,0,16,10,54,48,62,68,59,63,62,52,45,50,121,106,119,117,157,169,179,206,287,124,148,155,145,148,146,142,166,64,117,102,88,95,124,93,191,204,203,160,176,55,101,32,208,216,356,334,356,344,338,372,361,351,597,589,586,583,578,486,550,506,530,475,458,442,544,484,494,471,530,531,550,479,560,568,1791,1752,1788,1653,1715,1718,1378,1275,29975,29976,29975,29976,6175,1962,29996,29997,29998,29999]} 1. d4 Nf6 2. Bf4 g6 3. e3 Bg7 4. Nf3 d6 5. Be2 O-O 6. O-O Nbd7 7. h3 Qe8 8. Nc3 {A48: 1 d4 Nf6 2 Nf3 g6: Torre, London and Colle Systems} (8. Bh2 e5 9. Na3 exd4 10. exd4 Qd8 11. c4 Re8 12. Bd3 Nf8 13. Nb5 Bd7 14. Nc3 Qc8 15. Nd5 Ne6 16. Qd2 {1-0 (69) Naiditsch,A (2684)-Gupta,A (2626) Douglas 2016}) 8... e5 9. Bh2 Qe7 10. Nb5 {White has an edge.} Ne8 11. c4 e4 $146 ({Predecessor:} 11... c6 12. Nc3 f5 13. b4 Kh8 14. Qb3 g5 15. Rad1 h5 {0-1 (32) Bauer,A (2265)-Noe,C (2372) Hannover 2015}) 12. Nd2 c6 13. Nc3 $36 {[%mdl 2048] Black is under pressure.} f5 14. b4 {[%cal Bb2b4,Bb4b5][%mdl 32]} Ndf6 15. b5 c5 16. Nb3 b6 (16... cxd4 $14 17. Nxd4 Be6) 17. a4 $16 Bb7 18. a5 Rd8 19. axb6 axb6 20. Ra7 Rd7 21. Qc2 (21. Na4 $18) 21... Rf7 22. Rd1 Qd8 23. Qa2 Bf8 24. Bf1 g5 25. Qc2 ({White should play} 25. Be2 $18) 25... Qb8 (25... Qc8 $14) 26. Rda1 Qd8 27. Be2 Ng7 28. Qd1 Ne6 (28... Be7 $16) 29. g4 $1 $18 Ng7 30. R1a2 h6 31. Rd2 (31. Rxb7 $1 $18 Rxb7 32. dxc5) 31... Qb8 {[#]} 32. Qa1 (32. dxc5 $1 $16 Qxa7 33. c6) 32... Qd8 $2 (32... f4 $1 $14) 33. dxc5 dxc5 {[#]} (33... bxc5 {might work better.} 34. Rd1 fxg4) 34. Rxb7 $1 {[%mdl 512]} Rxd2 (34... Rxb7 35. Rxd8) 35. Rb8 Qd7 {aiming for ...Rxe2!} 36. Nxd2 Qxd2 37. Rxb6 Nd7 $2 (37... Be7 38. gxf5 Nxf5) 38. Ra6 {And now Ra2 would win.} f4 39. Ra2 Qd6 40. exf4 gxf4 41. Nxe4 Qe6 42. f3 Qe7 43. Ra7 Ne8 44. Qc1 Nd6 45. Bd3 Qe5 46. Kg2 h5 47. Bb1 hxg4 48. hxg4 Rg7 49. Bxf4 Qd4 50. Nxd6 Bxd6 51. Bxd6 Qxd6 52. Be4 Qd4 53. Bd5+ Kf8 54. Ra8+ Ke7 55. Qe1+ Ne5 56. Qh4+ Kd6 57. Qf6+ {[%mdl 64] Double Attack. Accuracy: White = 65%, Black = 31%.} 1-0

[Event "XII Sabadell Open 2019"]
[Site "Sabadell"]
[Date "2019.09.08"]
[Round "7.6"]
[White "Ortega Serra, Marc"]
[Black "Quesada Vera, Liordis"]
[Result "1/2-1/2"]
[WhiteElo "2297"]
[BlackElo "2389"]
[Annotator "TA"]
[PlyCount "143"]
[EventDate "2019.09.01"]
[EventCountry "ESP"]
[SourceTitle "playchess.com"]
[Source "ChessBase"]
[SourceQuality "1"]

{[%evp 12,143,46,49,72,67,83,83,109,88,97,92,111,28,29,36,70,29,39,38,35,-24,-16,-25,-35,-36,-27,-36,-38,-33,-43,-69,-44,-50,-45,-114,-75,-74,-27,-37,-42,-50,-21,-38,-24,-27,-27,-24,-22,-27,-21,-27,-25,-35,-26,-18,-18,-50,-15,-45,-35,-47,0,0,0,0,9,0,54,-46,-35,-38,-41,-41,-41,-33,-33,-185,-35,-254,-260,-237,-237,-517,-517,-516,-461,-473,-457,-418,-136,-135,-154,-148,-130,-115,-112,-149,-138,-136,-17,-13,-8,-8,0,-16,-8,-8,-8,-8,-8,-8,-8,-8,0,0,0,0,0,0,0,0,0,0,0,0,0,0,0,0,0,0,0,0]} 1. d4 Nf6 2. c4 d6 3. Nc3 Nbd7 4. e4 e5 5. Nge2 c6 6. g3 Be7 7. Bg2 h5 {A53: Old Indian Defence without Nf3} (7... a6 8. O-O O-O 9. h3 b5 10. b3 Bb7 11. Be3 b4 12. dxe5 bxc3 13. exd6 c2 14. Qd2 Bxd6 15. Qxd6 Re8 16. Qd3 c5 {1-0 (50) Riazantsev,A (2649)-Kabanov,N (2450) St Petersburg 2018}) 8. h3 Nb6 $146 ({Predecessor:} 8... a6 9. a4 a5 10. Be3 Qc7 11. O-O exd4 12. Nxd4 Nc5 {½-½ (46) Nestorovic,L (2350)-Kojovic,D (2392) Palic 2014}) 9. b3 Nh7 {White is better.} 10. O-O Ng5 11. Kh2 Qd7 12. Bxg5 ({White should play} 12. f4 $16 exf4 13. gxf4 (13. Nxf4 h4 $16) (13. Rxf4 Nxh3 14. Rf5 g6 $15)) 12... Bxg5 $11 13. f4 Bf6 14. fxe5 dxe5 15. d5 {Hoping for c5.} Qe7 16. a4 (16. Qd3 $14) 16... a5 17. Qe1 Nd7 18. Rd1 Qb4 19. Nc1 h4 20. g4 Bg5 21. Rd3 Nc5 22. Rdf3 f6 23. N1a2 (23. Qf2 $15) 23... Qb6 24. Qf2 Ra6 25. Rb1 $1 {Black should prevent b4.} Nd7 26. Qe2 Qc5 27. Qe1 Ra8 28. Nc1 O-O 29. Nd3 Qd4 30. Rd1 Qb6 31. Rb1 Qa7 32. Rd1 Nc5 33. Nxc5 Qxc5 34. Ne2 Bd7 35. Nc1 Rfe8 36. Rfd3 Qb6 (36... Rac8 $15) 37. Rc3 cxd5 38. c5 Qa7 $132 {[%mdl 2048] Black is not keeping still} 39. exd5 Rac8 ({Black should try} 39... e4 $1 $11) 40. Be4 ({Better is} 40. Nd3 $14) 40... Rxc5 $15 41. Qf2 b6 42. Rxc5 bxc5 43. Nd3 Qb6 44. Rf1 $2 (44. Re1 $15) 44... Rc8 (44... Qxb3 $19 {And now ...Rc8 would win.} 45. Nxc5 Qc4) 45. Kg2 $2 (45. Rb1 $1 $15) 45... Qxb3 $19 46. Nxe5 Be3 $1 {[%cal Re3f2]} ({And not} 46... fxe5 47. Qf7+ Kh8 48. Qf8+ $1 {[%mdl 512]} Rxf8 49. Rxf8#) (46... Qxa4 47. Bc2 $11) (46... Bxa4 47. Nf3 $15) 47. Qxh4 $2 (47. Qe2 {was forced.} Re8 {[%mdl 64] Pin} 48. Rb1 Qxa4 49. Bc2) 47... Qb2+ {[%mdl 64] Double Attack} 48. Kf3 {Threatening mate with Qh7+.} Qxe5 49. Qh7+ Kf8 50. Kxe3 {[#]} Rb8 $2 (50... Re8 $1 $19 51. Rf4 Bxa4) 51. Qh8+ $17 {[#]} Kf7 $1 {[%mdl 512]} 52. Qh5+ Qxh5 53. gxh5 {[%mdl 4096] Endgame KRB-KRB} Rb3+ 54. Kd2 Rxh3 55. Rc1 f5 ({Much weaker is} 55... Bxa4 $6 56. Bg6+ Ke7 57. Rxc5 $11) (55... Rh4 $17 56. Ke3 f5) 56. Bd3 $1 $11 {The position is equal.} Rxh5 {Threatens to win with ...Rh2+.} 57. Rxc5 Rh2+ 58. Ke3 Rh3+ 59. Kd4 Kf6 {With the idea ...Rh4+.} 60. Bb5 Rh4+ 61. Kc3 $1 Bxb5 62. axb5 {KR-KR} Rb4 {aiming for ...g6.} 63. d6 {Black must now prevent Rd5.} Ke6 {[#] Strongly threatening ...g6.} 64. Rxf5 $1 {[%mdl 512]} Kxd6 (64... Kxf5 $2 {loses.} 65. d7 $18) 65. Rg5 Rb1 66. Rg6+ Kc5 67. Rxg7 a4 68. Kc2 Rb3 69. Ra7 Rb4 70. Ra8 Rh4 {[#]} 71. b6 $1 {[%mdl 512] b7 is the strong threat.} Kxb6 72. Kb2 {Accuracy: White = 51%, Black = 46%.} 1/2-1/2

[Event "XII Sabadell Open 2019"]
[Site "Sabadell"]
[Date "2019.09.08"]
[Round "7.9"]
[White "Lorenzo De La Riva, Lazaro"]
[Black "Cruz, Filemon"]
[Result "1/2-1/2"]
[WhiteElo "2392"]
[BlackElo "2320"]
[Annotator "TA"]
[PlyCount "81"]
[EventDate "2019.09.01"]
[EventCountry "ESP"]
[SourceTitle "playchess.com"]
[Source "ChessBase"]
[SourceQuality "1"]

{[%evp 19,81,0,-4,-5,0,0,0,-8,-6,-8,-8,-12,-13,-9,-12,-15,0,-12,0,0,-9,-18,-19,-12,-4,-11,-1,-28,0,-20,-12,-59,-52,-71,-62,-58,-71,-66,-62,-79,-36,-95,-87,-100,-73,-54,-36,-129,-50,-117,-92,-113,-92,-91,0,-84,-32,-41,-20,-9,-31,-27,-10,-20]} 1. e4 e6 2. d4 d5 3. e5 c5 4. c3 Nc6 5. Nf3 Qb6 6. a3 c4 7. Nbd2 Na5 8. Be2 Bd7 9. O-O Ne7 10. Rb1 Qc7 11. Re1 {C02: French: Advance Variation} (11. h4 h6 12. h5 Nc8 13. Qe1 Nb6 14. Bd1 O-O-O 15. Nh4 Be7 16. f4 Rhg8 17. Bc2 Kb8 18. Ndf3 Qc8 {1-0 (48) Zhigalko,S (2604)-Vitiugov,N (2719) St Petersburg 2018}) 11... Nc8 12. Nf1 Nb6 13. Bf4 Ba4 14. Qc1 h6 15. h4 O-O-O 16. Bg3 $146 ({Predecessor:} 16. h5 g5 17. Bg3 Be7 18. N3h2 Qc6 {1-0 (43) Karpatchev,A (2433)-Nitish,B (2316) Anogia 2018}) 16... Kb8 17. h5 Ka8 18. N3h2 Be7 19. Bg4 Qd7 20. Qd2 Rdg8 21. Ne3 Bd8 22. Bh3 Nc8 23. Nhg4 Qe8 24. Qe2 Bd7 25. Rf1 f5 26. exf6 $1 gxf6 27. Qf3 Rf8 28. Nh2 Be7 29. Rfe1 Nc6 30. b3 ({White should play} 30. Bf5 $15) 30... cxb3 $17 31. Rxb3 Qd8 32. Reb1 {And now Nxd5! would win.} Na5 33. R3b2 {[#]} ({Not} 33. Qf4 $2 Bd6 $19) (33. Nxd5 $1 $15 exd5 34. Bxd7 Nxb3 35. Bxc8 Qxc8 36. Rxb3) 33... Nb6 ({Better is} 33... Nd6 $1 $17 34. Bf4 f5) 34. Nhf1 (34. Rb5 $15 Nc6 35. Nhf1) 34... f5 35. Be5 Bf6 36. Bd6 Be7 ({Black should try} 36... Rfg8 $17 {aiming for ...Nbc4.} 37. Nd2 Bc6) 37. Bb4 {[#]} (37. Be5 $11 {remains equal.}) 37... Bxb4 (37... Nc6 $1 $17 38. Bxe7 Qxe7) 38. axb4 $15 Nac4 39. Nxc4 Nxc4 40. Ra2 Bb5 41. Rba1 {Accuracy: White = 44%, Black = 55%.} (41. Re1 $5 {[%cal Re1e6]}) 1/2-1/2